000 00637nam a2200229Ia 4500
003 OSt
005 20220918213608.0
006 a|||||r|||| 00| 0
007 ta
008 220917b |||||||| |||| 00| 0 eng d
024 _a133,504
037 _cTextual
040 _aARTS
_cARTS
_beng
041 _2eng
_aeng
082 _aX:82, J6
100 _aDooher M Joseph ed
_9127721
245 0 _aEffective communication on the job
_b a guide to employee communication for supervisors and executives
260 _c1956
650 _aECONOMICS
942 _hX:82, J6
_cTEXL
_2CC
999 _c256612
_d256612